Un modelo de disciplinas docentes de ciencias sociales integradas, desde el espacio geográfico, para la elaboración de curriculos y materiales didácticos (Registro nro. 466566)

Detalles MARC
001 - NÚMERO DE CONTROL
campo de control 1098736
005 - FECHA Y HORA DE LA ÚLTIMA TRANSACCIÓN
campo de control 20260507083901.0
008 - DATOS DE LONGITUD FIJA--INFORMACIÓN GENERAL
campo de control de longitud fija 080821s2001 ||||||m| spa
035 ## - NÚMERO DE CONTROL DEL SISTEMA
Número de control de sistema 1098736
040 ## - FUENTE DE LA CATALOGACIÓN
Centro/agencia transcriptor comduadb
041 ## - CÓDIGO DE LENGUA
Código de lengua del texto/banda sonora o título independiente spa
080 ## - NÚMERO DE LA CLASIFICACIÓN DECIMAL UNIVERSAL
Número de la Clasificación Decimal Universal PB
100 10 - ENTRADA PRINCIPAL--NOMBRE DE PERSONA
Nombre de persona Pulgarín Silva, María Raquel
Código de función aut
Número de control del registro de autoridad o número normalizado (viaf) 27148207972600342975
Término indicativo de función/relación Autor/a
9 (RLIN) 537543
245 13 - MENCIÓN DE TÍTULO
Título Un modelo de disciplinas docentes de ciencias sociales integradas, desde el espacio geográfico, para la elaboración de curriculos y materiales didácticos
260 ## - PUBLICACIÓN, DISTRIBUCIÓN, ETC.
Lugar de publicación, distribución, etc. Cuba :
Nombre del editor, distribuidor, etc. [sin publicador],
Fecha de publicación, distribución, etc. 2001.
300 ## - DESCRIPCIÓN FÍSICA
Extensión 175 p.+ 1 CD ROM+ Manual del usuario
520 3# - SUMARIO, ETC.
Sumario, etc. La necesidad de proponer no sólo nuevos contenidos sino también nuevas formas, medios y métodos de enseñar las ciencias sociales, que permitan la comprensión de la realida y que posibiliten en el estudiante el desarrollo de habilidades de pensamiento así como de actitudes reflexivas y de compromiso frente al medio sociocultural en que vive.
650 #7 - PUNTO DE ACCESO ADICIONAL DE MATERIA--TÉRMINO DE MATERIA
Término de materia o nombre geográfico como elemento de entrada Enseñanza de las ciencias sociales
Enlace http://vocabularies.unesco.org/thesaurus/concept64
Fuente del encabezamiento o término
9 (RLIN) 2650
650 #7 - PUNTO DE ACCESO ADICIONAL DE MATERIA--TÉRMINO DE MATERIA
Término de materia o nombre geográfico como elemento de entrada Geografía
Fuente del encabezamiento o término lemb
9 (RLIN) 29405
650 #7 - PUNTO DE ACCESO ADICIONAL DE MATERIA--TÉRMINO DE MATERIA
Término de materia o nombre geográfico como elemento de entrada Ciencias sociales
Fuente del encabezamiento o término embne
9 (RLIN) 2064
650 ## - PUNTO DE ACCESO ADICIONAL DE MATERIA--TÉRMINO DE MATERIA
Término de materia o nombre geográfico como elemento de entrada Espacio geográfico
9 (RLIN) 26304
650 #0 - PUNTO DE ACCESO ADICIONAL DE MATERIA--TÉRMINO DE MATERIA
Término de materia o nombre geográfico como elemento de entrada Modelos teóricos
9 (RLIN) 54883
650 ## - PUNTO DE ACCESO ADICIONAL DE MATERIA--TÉRMINO DE MATERIA
Término de materia o nombre geográfico como elemento de entrada Doctorado en Educacion
9 (RLIN) 138467
700 10 - ENTRADA AGREGADA--NOMBRE PERSONAL
Nombre de persona Diaz Dominguez, Teresita
Código de función ths
Término indicativo de función/relación Asesor/a de tesis
9 (RLIN) 554276
942 ## - ELEMENTOS DE ENTRADA AGREGADA (KOHA)
Tipo de ítem Koha Libros
Existencias
Estado de retiro Estado de pérdida Estado dañado No para préstamo Código de colección Localización permanente Ubicación/localización actual Fecha de adquisición Número de inventario Total de préstamos Signatura topográfica completa Código de barras Fecha visto por última vez Número de copia Precio válido a partir de Tipo de ítem Koha
        Colección General Centro Documentación Educación (Bl. 9-140) Centro Documentación Educación (Bl. 9-140) 21/08/2008 C1014312   PB/0399 0596635 28/04/2023 1 28/04/2023 Tesis